Statistics for US states bigger than the UK

Click here to take the quiz!

General Stats

  • This quiz has been taken 446 times
  • The average score is 8 of 11

Answer Stats

Answer% Correct
Texas
98%
California
97%
Alaska
93%
Montana
83%
Arizona
77%
Colorado
75%
Nevada
72%
New Mexico
72%
Wyoming
68%
Oregon
62%
Michigan
47%

Score Distribution

Percentile by Number Answered

Percent of People with Each Score

Your Score History

You have not taken this quiz